<?xml version="1.0" encoding="UTF-8"?>
<record
    xmlns:xsi="http://www.w3.org/2001/XMLSchema-instance"
    xsi:schemaLocation="http://www.loc.gov/MARC21/slim http://www.loc.gov/standards/marcxml/schema/MARC21slim.xsd"
    xmlns="http://www.loc.gov/MARC21/slim">

  <leader>00300    a2200109   4500</leader>
  <controlfield tag="005">20251210113222.0</controlfield>
  <datafield tag="020" ind1=" " ind2=" ">
    <subfield code="a">9789351106937</subfield>
  </datafield>
  <datafield tag="100" ind1=" " ind2=" ">
    <subfield code="a">Jones B.</subfield>
    <subfield code="9">215770</subfield>
  </datafield>
  <datafield tag="245" ind1=" " ind2=" ">
    <subfield code="a">Communicating Data With Tableau: Designing, Developing And Delivering Data Visualizations</subfield>
  </datafield>
  <datafield tag="260" ind1=" " ind2=" ">
    <subfield code="b">SPD</subfield>
    <subfield code="c">2014</subfield>
  </datafield>
  <datafield tag="942" ind1=" " ind2=" ">
    <subfield code="c">AR</subfield>
  </datafield>
  <datafield tag="999" ind1=" " ind2=" ">
    <subfield code="c">369334</subfield>
    <subfield code="d">369334</subfield>
  </datafield>
  <datafield tag="952" ind1=" " ind2=" ">
    <subfield code="0">0</subfield>
    <subfield code="1">0</subfield>
    <subfield code="2">ddc</subfield>
    <subfield code="4">0</subfield>
    <subfield code="7">0</subfield>
    <subfield code="a">CCEP</subfield>
    <subfield code="b">CCEP</subfield>
    <subfield code="d">2025-12-11</subfield>
    <subfield code="e">149</subfield>
    <subfield code="g">940.00</subfield>
    <subfield code="l">0</subfield>
    <subfield code="o">006.4 JON</subfield>
    <subfield code="p">CCEP-BK-70005</subfield>
    <subfield code="r">2025-12-11 00:00:00</subfield>
    <subfield code="v">1175.00</subfield>
    <subfield code="w">2025-12-11</subfield>
    <subfield code="y">BK</subfield>
  </datafield>
</record>
